[Event "FIDE Online Olympiad"]
[Site "Chess.com"]
[Date "2020.07.31"]
[EventDate "2020.07.31"]
[Round "2"]
[Result "0-1"]
[White "Davena Jonet"]
[Black "Rahaf Faqeeh"]
[WhiteElo "1458"]
[BlackElo "1444"]
[PlyCount "120"]

1. e4 e6 2. Nf3 d5 3. exd5 exd5 4. h3 c6 5. d4 Bd6 6. a3 Ne7
7. Nc3 O-O 8. Bd3 Bf5 9. Be3 Nd7 10. O-O Bxd3 11. Qxd3 Ng6
12. Ng5 Nf6 13. Rae1 h6 14. Nf3 Nf4 15. Qd2 Qc7 16. Ne5 Ng6
17. Bf4 Nxf4 18. Qxf4 Nh7 19. Qg4 Rae8 20. Nd7 Rxe1 21. Rxe1
f5 22. Qg6 Qxd7 23. Re6 Bf4 24. Ne2 Bg5 25. f4 Bd8 26. Ng3 Bb6
27. c3 Qf7 28. Qxf7+ Rxf7 29. Re8+ Nf8 30. Re1 g5 31. fxg5
hxg5 32. Rf1 f4 33. Nh5 Bd8 34. g4 Ne6 35. Re1 Ng7 36. Nxg7
Kxg7 37. Kg2 f3+ 38. Kf2 Bc7 39. Re3 Bg3+ 40. Kf1 Bh4 41. Rd3
f2 42. Re3 Kg6 43. Re6+ Rf6 44. Rxf6+ Kxf6 45. b3 b6 46. c4
dxc4 47. bxc4 Bg3 48. a4 c5 49. dxc5 bxc5 50. a5 Ke5 51. a6
Kd4 52. h4 gxh4 53. g5 Kxc4 54. g6 Be5 55. Kxf2 Kb3 56. Kg2 c4
57. Kh3 c3 58. Kxh4 c2 59. Kg5 c1=Q+ 60. Kf5 Qf4+ 0-1

[Event "FIDE Online Olympiad"]
[Site "Chess.com"]
[Date "2020.07.31"]
[EventDate "2020.07.31"]
[Round "2"]
[Result "0-1"]
[White "Theophile Paul"]
[Black "Mohamad Seder"]
[WhiteElo "1686"]
[BlackElo "1699"]
[PlyCount "90"]

1. d4 Nf6 2. Nc3 g6 3. Bf4 Bg7 4. e3 O-O 5. h4 h5 6. Bd3 d5
7. Nf3 b6 8. Ne5 Bb7 9. f3 c5 10. Qd2 Nc6 11. Be2 Rc8
12. O-O-O a6 13. g4 c4 14. e4 e6 15. exd5 exd5 16. Bg5 Qd6
17. Nxc6 Bxc6 18. Bxf6 Qxf6 19. gxh5 Kh7 20. hxg6+ fxg6 21. h5
g5 22. Rdg1 Rg8 23. Qxg5 Bh6 24. f4 Bxg5 25. fxg5 Rxg5 26. Rf1
Qg7 27. h6 Qg8 28. Bh5 Rf8 29. Re1 Kh8 30. h7 Qg7 31. Bd1 b5
32. Rh4 b4 33. Nb1 b3 34. axb3 cxb3 35. Nd2 Bd7 36. Nxb3 Bf5
37. Nc5 Rg6 38. Rhh1 Rh6 39. Rhg1 Qxh7 40. Ref1 Rg8 41. Rxg8+
Kxg8 42. Rg1+ Rg6 43. Rf1 Qh6+ 44. Kb1 Rf6 45. Nd7 Bxd7 0-1

[Event "FIDE Online Olympiad"]
[Site "Chess.com"]
[Date "2020.07.31"]
[EventDate "2020.07.31"]
[Round "2"]
[Result "0-1"]
[White "Bernard Lesbros"]
[Black "Mikhail Strovsky"]
[WhiteElo "1912"]
[BlackElo "1939"]
[PlyCount "54"]

1. Nf3 d5 2. c4 e6 3. d4 c5 4. cxd5 exd5 5. Nc3 Nc6 6. g3 Nf6
7. Bg2 Be7 8. O-O O-O 9. dxc5 Bxc5 10. Na4 Be7 11. Be3 b6
12. Rc1 Bb7 13. Nd4 Nxd4 14. Bxd4 Rc8 15. Rxc8 Qxc8 16. Qb1
Qc4 17. Bxf6 Bxf6 18. Qd1 Qxa2 19. Nc3 Bxc3 20. bxc3 Qc4
21. Qd2 Rc8 22. Rc1 h6 23. Qe3 d4 24. Qe7 Bxg2 25. Kxg2 dxc3
26. Qxa7 b5 27. Rc2 Qe4+ 0-1

[Event "FIDE Online Olympiad"]
[Site "Chess.com"]
[Date "2020.07.31"]
[EventDate "2020.07.31"]
[Round "2"]
[Result "0-1"]
[White "Ursus Bemmelen van"]
[Black "Sergio Miguel"]
[WhiteElo "2145"]
[BlackElo "2179"]
[PlyCount "118"]

1. c4 Nf6 2. g3 c6 3. Bg2 d5 4. Nf3 Bg4 5. cxd5 cxd5 6. Ne5
Bd7 7. O-O Nc6 8. d4 e6 9. Nc3 Be7 10. Bg5 O-O 11. Nxc6 Bxc6
12. e3 h6 13. Bxf6 Bxf6 14. b4 Rc8 15. Qb3 Be7 16. Rfd1 Qd6
17. Rab1 Rfd8 18. a3 Be8 19. e4 dxe4 20. Nxe4 Qb8 21. Nc5 b6
22. Ne4 Bc6 23. Nc3 Bxg2 24. Kxg2 Qc7 25. Rbc1 Bg5 26. f4 Bf6
27. Ne2 Qb7+ 28. Qf3 Qxf3+ 29. Kxf3 Rxc1 30. Rxc1 Bxd4 31. Rc7
Bb2 32. Rxa7 Rd3+ 33. Ke4 Rxa3 34. Rxa3 Bxa3 35. b5 Bb2 36. g4
Kf8 37. h4 Ke7 38. h5 Kd6 39. f5 Kc5 40. fxe6 fxe6 41. Nf4
Kxb5 42. Nxe6 Kc4 43. Kf5 b5 44. Kg6 b4 45. Nxg7 Bxg7 46. Kxg7
b3 47. g5 b2 48. Kxh6 b1=Q 49. g6 Qf5 50. g7 Qf7 51. Kh7 Qxh5+
52. Kg8 Kd5 53. Kf8 Qf5+ 54. Ke7 Qg6 55. Kf8 Qf6+ 56. Kg8 Ke6
57. Kh7 Qh4+ 58. Kg8 Kf6 59. Kf8 Qh6 0-1

[Event "FIDE Online Olympiad"]
[Site "Chess.com"]
[Date "2020.07.31"]
[EventDate "2020.07.31"]
[Round "2"]
[Result "0-1"]
[White "Jemima Paulo"]
[Black "Taqesyah Marcos"]
[WhiteElo "1599"]
[BlackElo "1493"]
[PlyCount "56"]

1. c4 e5 2. Nc3 Nc6 3. g3 b6 4. Nf3 Bb7 5. Bg2 d6 6. d3 Nf6
7. O-O Be7 8. Be3 Nd4 9. Nxd4 Bxg2 10. Kxg2 exd4 11. Bxd4 O-O
12. e4 Qd7 13. Nd5 Nxd5 14. cxd5 Rac8 15. f4 c6 16. dxc6 Rxc6
17. f5 f6 18. Rf4 d5 19. Qb3 Kh8 20. exd5 Rd6 21. Re1 Rxd5
22. Rxe7 Qxe7 23. Qxd5 Qe2+ 24. Bf2 Qxb2 25. Re4 Qd2 26. Re7
Qh6 27. Rxa7 Rc8 28. Qb7 Rg8 0-1

[Event "FIDE Online Olympiad"]
[Site "Chess.com"]
[Date "2020.07.31"]
[EventDate "2020.07.31"]
[Round "2"]
[Result "0-1"]
[White "Viresh Giasi"]
[Black "Diego Zilleruelo Irizarry"]
[WhiteElo "1984"]
[BlackElo "2119"]
[PlyCount "52"]

1. e4 c6 2. d3 d5 3. Be2 Nf6 4. Nd2 dxe4 5. dxe4 g6 6. c3 Bg7
7. Ngf3 O-O 8. h3 Nbd7 9. Qc2 Qc7 10. Nf1 Ne5 11. N1d2 Nxf3+
12. Nxf3 Nh5 13. Be3 Nf4 14. g3 Ng2+ 15. Kd2 Rd8+ 16. Bd3 Nxe3
17. Kxe3 c5 18. b4 cxb4 19. Rhd1 bxc3 20. Ke2 Bxh3 21. Rh1 Bg2
22. Rh2 Bxf3+ 23. Kxf3 Rd6 24. Rah1 Rad8 25. Bf1 Rf6+ 26. Kg2
Rd2 0-1

[Event "FIDE Online Olympiad"]
[Site "Chess.com"]
[Date "2020.07.31"]
[EventDate "2020.07.31"]
[Round "2"]
[Result "0-1"]
[White "Mike Fellman"]
[Black "Suradj Hanoeman"]
[WhiteElo "1993"]
[BlackElo "1983"]
[PlyCount "80"]

1. d4 Nf6 2. c4 c5 3. d5 b5 4. cxb5 a6 5. bxa6 Bxa6 6. Nc3 g6
7. g3 Bg7 8. Bg2 d6 9. Nf3 O-O 10. O-O Nbd7 11. Rb1 Ng4
12. Bd2 Nge5 13. Nxe5 Nxe5 14. b3 Qd7 15. Qc2 Rfb8 16. a4 Qc7
17. h3 Nd7 18. Rfc1 Ra7 19. Be1 Rab7 20. Na2 Bh6 21. Rd1 Ra7
22. Be4 Ne5 23. f4 Nd7 24. Nc3 Bg7 25. Bd3 Bd4+ 26. Kh2 Bxc3
27. Bxc3 Bxd3 28. Qxd3 Rab7 29. Be1 Nb6 30. a5 Nd7 31. Rdc1
Rb5 32. Rc4 Qb7 33. Ra4 Qa8 34. b4 cxb4 35. Rbxb4 Nc5 36. Rxb5
Nxd3 37. Rxb8+ Qxb8 38. exd3 Qb2+ 39. Kg1 Qb5 40. Ra3 Qc5+ 0-1

[Event "FIDE Online Olympiad"]
[Site "Chess.com"]
[Date "2020.07.31"]
[EventDate "2020.07.31"]
[Round "2"]
[Result "0-1"]
[White "Rosangela Dos Ramos"]
[Black "Danitza Vazquez Maccarini"]
[WhiteElo "1765"]
[BlackElo "2014"]
[PlyCount "92"]

1. e4 e5 2. Nf3 Nc6 3. Bb5 a6 4. Bxc6 dxc6 5. O-O Bd6 6. d3
Nf6 7. h3 h6 8. Be3 Be6 9. c3 c5 10. Nbd2 Qd7 11. a3 a5 12. d4
cxd4 13. cxd4 exd4 14. Bxd4 Be7 15. Qe2 O-O 16. Rfd1 c5
17. Bc3 Qc6 18. Ne5 Qc7 19. Ndc4 b6 20. Rd2 b5 21. Bxa5 Rxa5
22. Nxa5 Qxe5 23. Nc6 Qc7 24. Nxe7+ Qxe7 25. e5 Bc4 26. Qe1
Nd5 27. Qe4 Nf6 28. Qe1 Re8 29. f4 Nh5 30. Qf2 g6 31. Rad1 Bb3
32. Rd7 Qe6 33. R7d6 Qc4 34. Rf1 Ng7 35. Rc6 Qe4 36. Rxc5 Bc4
37. Re1 Qf5 38. b3 Bd3 39. Rd5 h5 40. Rd1 Bc2 41. Rc1 Be4
42. Rxb5 Ne6 43. Rb4 Nxf4 44. Rcc4 Rxe5 45. Rb8+ Kg7 46. Qd4
Ne2+ 0-1

[Event "FIDE Online Olympiad"]
[Site "Chess.com"]
[Date "2020.07.31"]
[EventDate "2020.07.31"]
[Round "2"]
[Result "0-1"]
[White "Thomas Saah"]
[Black "John Kojo Hasford"]
[WhiteElo "1914"]
[BlackElo "1965"]
[PlyCount "112"]

1. e4 e5 2. Nf3 Nc6 3. Bc4 Be7 4. O-O Nf6 5. d4 d6 6. h3 O-O
7. Re1 a6 8. c3 h6 9. Nbd2 Re8 10. d5 Nb8 11. Nf1 c6 12. Ng3
cxd5 13. exd5 Bf8 14. Qd3 Nbd7 15. b4 g6 16. Bb3 Bg7 17. a4 b6
18. Ra3 Bb7 19. a5 b5 20. Ra2 Rc8 21. Rae2 Qc7 22. Bb2 Re7
23. Nd2 Rce8 24. f3 Qc8 25. Rc1 Qa8 26. Nde4 Qb8 27. Nxf6+
Nxf6 28. Ne4 Nh5 29. Qe3 f5 30. Nf2 Ng3 31. Ree1 Qa8 32. Rcd1
Kh7 33. Qb6 Rd7 34. c4 bxc4 35. Ba4 Ree7 36. Bxd7 Rxd7 37. Kh2
f4 38. Ne4 Bxd5 39. Nxd6 Bxf3 40. gxf3 Qxf3 41. Rd2 Nf1+
42. Rxf1 Qxf1 43. Qc6 Qe1 44. Bc3 Qg3+ 45. Kh1 Qxc3 46. Rg2
Qxh3+ 47. Kg1 f3 48. Rf2 e4 49. Qd5 Re7 50. Nxc4 e3 51. Rxf3
Qg4+ 52. Kh2 e2 53. Rg3 Qh4+ 54. Kg2 e1=Q 55. Qd3 Re2+ 56. Kf3
Qhxg3# 0-1

[Event "FIDE Online Olympiad"]
[Site "Chess.com"]
[Date "2020.07.31"]
[EventDate "2020.07.31"]
[Round "3"]
[Result "0-1"]
[White "Lionel Adu Jnr"]
[Black "Jean Louis Marckens"]
[WhiteElo "1907"]
[BlackElo "2053"]
[PlyCount "122"]

1. g3 d5 2. Bg2 e5 3. d4 e4 4. c4 c6 5. Qb3 f5 6. cxd5 Qxd5
7. Qxd5 cxd5 8. a3 Nc6 9. e3 Nf6 10. Nc3 Bd7 11. Nge2 Rc8
12. Nf4 Ne7 13. h4 Kf7 14. O-O g6 15. Bd2 h6 16. b4 g5
17. hxg5 hxg5 18. Nfe2 Ng6 19. Rfc1 Bd6 20. Rc2 Ba4 21. Rb2
Bd7 22. Rc1 Ke6 23. Rbc2 a6 24. Na2 Rxc2 25. Rxc2 Bb5 26. Nac3
Bd3 27. Rc1 Rc8 28. Na4 Rxc1+ 29. Nxc1 Bc4 30. Bf1 b5 31. Nc5+
Bxc5 32. dxc5 Ne5 33. Bc3 Nf3+ 34. Kg2 Ng4 35. Ne2 Nge5
36. Nd4+ Nxd4 37. Bxd4 Bxf1+ 38. Kxf1 Nc4 39. Ke2 Nxa3 40. Kd2
Nc4+ 41. Kc3 Kd7 42. Bf6 g4 43. Kd4 Kc6 44. Be7 a5 45. bxa5
Nxa5 46. Kc3 Nc4 47. Kb4 Nb2 48. Kc3 Nd3 49. Kd4 b4 50. Bf8
Nxf2 51. Bg7 Nd3 52. Bf8 b3 53. Kc3 b2 54. Kc2 Nxc5 55. Kxb2
Ne6 56. Bh6 Kc5 57. Kc3 Kd6 58. Bf4+ Nxf4 59. gxf4 Kc5 60. Kd2
Kc4 61. Ke2 Kc3 0-1

[Event "FIDE Online Olympiad"]
[Site "Chess.com"]
[Date "2020.07.31"]
[EventDate "2020.07.31"]
[Round "3"]
[Result "0-1"]
[White "Tobi Felix"]
[Black "Rose Berline Seine"]
[WhiteElo "1465"]
[BlackElo "1679"]
[PlyCount "104"]

1. d4 d5 2. Bf4 Bf5 3. e3 Nf6 4. Bd3 Bxd3 5. Qxd3 c6 6. c3 e6
7. Nf3 h6 8. Nbd2 Nh5 9. Be5 Nd7 10. g4 Nhf6 11. g5 hxg5
12. Nxg5 Nxe5 13. dxe5 Ng4 14. Ngf3 Qc7 15. Qd4 Nh6 16. Qf4
O-O-O 17. a4 f6 18. a5 a6 19. c4 Nf7 20. Qg4 Qd7 21. exf6 gxf6
22. cxd5 exd5 23. Qf4 Qe6 24. Nb3 Ne5 25. Nxe5 fxe5 26. Qf3 e4
27. Qg3 Bd6 28. Nd4 Qd7 29. Qg6 Rxh2 30. Rxh2 Bxh2 31. O-O-O
Be5 32. Rh1 Rh8 33. Rxh8+ Bxh8 34. Qg8+ Qd8 35. Qe6+ Kb8
36. Nb3 Qf6 37. Qxf6 Bxf6 38. Kd2 Bxb2 39. Ke2 Kc7 40. f3
exf3+ 41. Kxf3 Kd6 42. Kf4 c5 43. e4 Be5+ 44. Ke3 c4 45. Nd2
d4+ 46. Kf3 Kc5 47. Kg4 d3 48. Kf5 Bc7 49. e5 c3 50. Ne4+ Kd4
51. Nxc3 Kxc3 52. e6 Bd6 0-1

[Event "FIDE Online Olympiad"]
[Site "Chess.com"]
[Date "2020.07.31"]
[EventDate "2020.07.31"]
[Round "3"]
[Result "0-1"]
[White "Theophane Paul"]
[Black "Angela Naa Amerley Ayiku"]
[WhiteElo "1493"]
[BlackElo "1415"]
[PlyCount "74"]

1. d4 d5 2. e3 Nc6 3. f4 Nf6 4. Nd2 Bg4 5. Ngf3 e6 6. c3 Bd6
7. Bd3 a6 8. O-O O-O 9. Qe1 Ne7 10. Ne5 Bf5 11. Bb1 Bxb1
12. Rxb1 Nf5 13. Qe2 c5 14. g4 Nh4 15. g5 Ne4 16. Nxe4 dxe4
17. Qg4 Nf5 18. Kf2 f6 19. gxf6 Rxf6 20. Ke1 Bxe5 21. fxe5 Rg6
22. Qe2 Qh4+ 23. Qf2 Rg2 24. Qxh4 Nxh4 25. Rf2 Rg1+ 26. Rf1
Rg2 27. Rf2 Rf8 28. Rxf8+ Kxf8 29. dxc5 Nf3+ 30. Kf1 Rxh2
31. b4 Rxa2 32. Bb2 Nxe5 33. Ke1 Nd3+ 34. Kd1 Nxb2+ 35. Kc1
Nc4 36. Kd1 Nxe3+ 37. Kc1 Rc2# 0-1

[Event "FIDE Online Olympiad"]
[Site "Chess.com"]
[Date "2020.07.31"]
[EventDate "2020.07.31"]
[Round "3"]
[Result "0-1"]
[White "Philip Selikem Yao Amoako"]
[Black "Angelo Etienne"]
[WhiteElo "1265"]
[BlackElo "1995"]
[PlyCount "52"]

1. e4 d5 2. exd5 c6 3. dxc6 Nxc6 4. Nf3 Nf6 5. Bc4 Bg4 6. Bb5
e5 7. Be2 Bd6 8. d3 Qc7 9. h3 Bh5 10. O-O O-O 11. Bg5 Nd5
12. Nbd2 f6 13. Be3 f5 14. Nc4 Be7 15. Re1 b5 16. Na3 Bxa3
17. bxa3 Nc3 18. Qd2 Nxe2+ 19. Qxe2 e4 20. dxe4 fxe4 21. Qxb5
Bxf3 22. gxf3 Ne5 23. Qd5+ Kh8 24. Kg2 Nxf3 25. Re2 Qh2+
26. Kf1 Qg1# 0-1

[Event "FIDE Online Olympiad"]
[Site "Chess.com"]
[Date "2020.07.31"]
[EventDate "2020.07.31"]
[Round "3"]
[Result "0-1"]
[White "Tondo James"]
[Black "Mike Fellman"]
[WhiteElo "1855"]
[BlackElo "1993"]
[PlyCount "92"]

1. e4 c5 2. Nf3 d6 3. d4 Nf6 4. Bb5+ Bd7 5. Bxd7+ Qxd7 6. dxc5
Nxe4 7. cxd6 Nc6 8. O-O Nxd6 9. Re1 e6 10. b3 Be7 11. Bb2 O-O
12. c4 Rad8 13. Qe2 Nf5 14. Na3 Nfd4 15. Nxd4 Nxd4 16. Qg4 f5
17. Qxd4 Qxd4 18. Bxd4 Rxd4 19. Nb5 Rd2 20. Kf1 a6 21. Nc7 Bf6
22. Rad1 Rfd8 23. Rxd2 Rxd2 24. Nxe6 Rxa2 25. g3 Kf7 26. Nf4
Rb2 27. Re3 Bd4 28. Rf3 g6 29. Nd5 Ke6 30. Kg2 Kd6 31. h4 b5
32. Nf4 bxc4 33. bxc4 a5 34. Nh3 Kc5 35. Rd3 Kxc4 36. Rd1 a4
37. Rc1+ Kb3 38. Rc7 a3 39. Rxh7 a2 40. Rb7+ Kc2 41. Rc7+ Kb1
42. Rd7 Rd2 43. Rb7+ Kc1 44. Rc7+ Rc2 45. Rd7 a1=Q 46. Nf4
Rxf2+ 0-1

[Event "FIDE Online Olympiad"]
[Site "Chess.com"]
[Date "2020.07.31"]
[EventDate "2020.07.31"]
[Round "3"]
[Result "0-1"]
[White "Sergio Miguel"]
[Black "Suradj Hanoeman"]
[WhiteElo "2179"]
[BlackElo "1983"]
[PlyCount "68"]

1. e4 c5 2. Nf3 e6 3. d4 cxd4 4. Nxd4 a6 5. Nc3 Qc7 6. Bd3 Nf6
7. O-O Nc6 8. Nxc6 dxc6 9. f4 e5 10. fxe5 Ng4 11. Kh1 Nxe5
12. Bf4 Bd6 13. Qe2 Be6 14. Qe3 O-O 15. Ne2 Ng4 16. Qg3 Rad8
17. Qh4 Ne5 18. Rad1 b5 19. Bg3 Ng6 20. Qh5 Qc8 21. Bxd6 Rxd6
22. h4 Bg4 23. Qc5 Qd8 24. g3 Nxh4 25. e5 Rd5 26. Qxc6 Kh8
27. gxh4 Qxh4+ 28. Kg1 Rxe5 29. Qg2 Bh3 30. Qh2 Rg5+ 31. Kh1
Bg2+ 32. Kg1 Bxf1+ 33. Kh1 Bg2+ 34. Kg1 Be4+ 0-1

[Event "FIDE Online Olympiad"]
[Site "Chess.com"]
[Date "2020.07.31"]
[EventDate "2020.07.31"]
[Round "3"]
[Result "0-1"]
[White "Catherine Kaslan"]
[Black "Jemima Paulo"]
[WhiteElo "1856"]
[BlackElo "1599"]
[PlyCount "124"]

1. e4 c5 2. Nf3 d6 3. d4 cxd4 4. Nxd4 Nf6 5. Nc3 g6 6. f3 Bg7
7. Be3 O-O 8. Qd2 Nc6 9. O-O-O Bd7 10. g4 Rc8 11. h4 Ne5
12. h5 Nc4 13. Bxc4 Rxc4 14. Nb3 Qc7 15. Bh6 Bh8 16. Bxf8 Kxf8
17. hxg6 fxg6 18. Rh2 Be6 19. Kb1 a5 20. Nd5 Nxd5 21. exd5 Bg8
22. c3 Qb6 23. Qe2 Rc7 24. Qe4 e5 25. dxe6 Re7 26. Nd4 a4
27. f4 a3 28. b3 Qc5 29. Kc2 Rc7 30. Rd3 Bxd4 31. Qxd4 Bxe6
32. Qf6+ Bf7 33. Re2 d5 34. Rde3 Rc8 35. Qe5 Kg8 36. f5 b5
37. fxg6 Bxg6+ 38. Kc1 b4 39. Qe6+ Bf7 40. Qf5 d4 41. Qxc5
Rxc5 42. Rd3 dxc3 43. Rd8+ Kg7 44. Re7 Kf6 45. Rb7 Re5
46. Rxb4 Bg6 47. Rd6+ Kg5 48. Rd1 Re2 49. Rf1 Rxa2 50. Rb5+
Kxg4 51. Rg1+ Kf3 52. Rxg6 hxg6 53. Rg5 Rb2 54. Rxg6 a2
55. Rf6+ Ke4 56. Re6+ Kd5 57. Ra6 Rb1+ 58. Kc2 a1=Q 59. Rxa1
Rxa1 60. Kxc3 Kc5 61. b4+ Kb5 62. Kb3 Ra4 0-1

[Event "FIDE Online Olympiad"]
[Site "Chess.com"]
[Date "2020.07.31"]
[EventDate "2020.07.31"]
[Round "3"]
[Result "0-1"]
[White "Mikhail Strovsky"]
[Black "Wim Blijstra"]
[WhiteElo "1939"]
[BlackElo "2198"]
[PlyCount "84"]

1. e4 e6 2. d4 d5 3. Nc3 Bb4 4. Qd3 dxe4 5. Qxe4 Nf6 6. Qh4
Nc6 7. Nf3 Be7 8. Bb5 Bd7 9. O-O Nb4 10. Bxd7+ Qxd7 11. Be3
Nxc2 12. Rac1 Nb4 13. Qg3 O-O 14. Rfd1 Nbd5 15. Ne5 Qd8
16. Ng4 Nxg4 17. Qxg4 c6 18. Nxd5 Qxd5 19. b3 a5 20. h4 h5
21. Qg3 Rfd8 22. Rc4 Rd7 23. Rdc1 Qe4 24. Bg5 Bd6 25. Qe3 Qf5
26. Qf3 Qxf3 27. gxf3 f6 28. Be3 Kf7 29. Kg2 Rad8 30. f4 Bc7
31. Kf3 Bb6 32. d5 Bxe3 33. fxe3 Rxd5 34. Rc5 Rxc5 35. Rxc5
Rd5 36. Rc4 Ke7 37. Ke4 Rd2 38. a4 g6 39. Rc5 Rd5 40. Rc4 Kd6
41. Kf3 Rd3 42. Ke4 Rxb3 0-1

[Event "FIDE Online Olympiad"]
[Site "Chess.com"]
[Date "2020.07.31"]
[EventDate "2020.07.31"]
[Round "3"]
[Result "0-1"]
[White "Mouhamadou Mourtada Fall"]
[Black "Shadi Alqawasme"]
[WhiteElo "1576"]
[BlackElo "1789"]
[PlyCount "46"]

1. c4 Nf6 2. Nc3 e6 3. d4 d5 4. cxd5 exd5 5. Bg5 Be7 6. e3 O-O
7. Bd3 c6 8. Qc2 h6 9. Bh4 Nbd7 10. Nge2 Re8 11. O-O-O b5
12. f3 Nb6 13. e4 Be6 14. e5 Nfd7 15. Bxe7 Qxe7 16. f4 b4
17. Na4 Nxa4 18. Qxa4 c5 19. f5 Bxf5 20. Bxf5 Qg5+ 21. Kb1
Qxf5+ 22. Ka1 Nb6 23. Qxb4 cxb4 0-1

[Event "FIDE Online Olympiad"]
[Site "Chess.com"]
[Date "2020.07.31"]
[EventDate "2020.07.31"]
[Round "3"]
[Result "0-1"]
[White "Rahaf Faqeeh"]
[Black "Nadezhda Valerevna Marochkina"]
[WhiteElo "1444"]
[BlackElo "1993"]
[PlyCount "79"]

1. c4 c5 2. g3 Nc6 3. Bg2 e6 4. Nc3 Nf6 5. d3 d5 6. cxd5 Nxd5
7. Nf3 Be7 8. Bd2 O-O 9. O-O Bf6 10. Rb1 Qc7 11. Ne4 Be7
12. a3 b6 13. Nc3 a6 14. Nxd5 exd5 15. b4 Bd7 16. b5 axb5
17. Bf4 Bd6 18. Bxd6 Qxd6 19. Qb3 b4 20. axb4 Nxb4 21. d4 Be6
22. Ne5 Rab8 23. Rb2 Rfe8 24. f4 f6 25. f5 fxe5 26. fxe6 Qxe6
27. dxc5 bxc5 28. Qc3 Rec8 29. h4 e4 30. Kh2 Qe7 31. Bh3 Rf8
32. Rfb1 Rf2+ 33. Bg2 h6 34. Qe3 Rbf8 35. Rg1 Qe5 36. Rbb1 d4
37. Qxe4 Qxe4 38. Kh1 Qxe2 39. Rbe1 Qg4 40. Be4 0-1

[Event "FIDE Online Olympiad"]
[Site "Chess.com"]
[Date "2020.07.31"]
[EventDate "2020.07.31"]
[Round "1"]
[Result "0-1"]
[White "Rushawn White"]
[Black "Peter van den Brink"]
[WhiteElo "1784"]
[BlackElo "2180"]
[PlyCount "64"]

1. e4 c5 2. Nf3 d6 3. d4 cxd4 4. Nxd4 Nf6 5. Nc3 g6 6. Be2 Bg7
7. Be3 Nc6 8. Qd2 O-O 9. f3 d5 10. exd5 Nxd5 11. Nxd5 Qxd5
12. Nxc6 Qxc6 13. c3 Bf5 14. Rd1 Qc7 15. O-O Rfd8 16. Qc1 Qa5
17. Bc4 Rac8 18. Bb3 b5 19. Bg5 Qc7 20. Qe3 Rxd1 21. Rxd1 e5
22. Rd5 a6 23. Qd2 Bf8 24. Bf6 Qb6+ 25. Kf1 Qxf6 26. Qe3 e4
27. Rd2 exf3 28. Qxf3 Qg5 29. Rd1 Rd8 30. Re1 Bc5 31. g3 Bh3+
32. Ke2 Rd2# 0-1

[Event "FIDE Online Olympiad"]
[Site "Chess.com"]
[Date "2020.07.31"]
[EventDate "2020.07.31"]
[Round "1"]
[Result "0-1"]
[White "Octavio Croes"]
[Black "Malik Curriah"]
[WhiteElo "1801"]
[BlackElo "1886"]
[PlyCount "60"]

1. d4 Nf6 2. Nf3 g6 3. c4 Bg7 4. Nc3 O-O 5. g3 d6 6. Bg2 Nc6
7. O-O a6 8. e4 Bg4 9. Be3 Bxf3 10. Bxf3 Nd7 11. Bg2 Na5
12. Qe2 c5 13. Rfd1 Rc8 14. d5 Nb6 15. Rac1 Nbxc4 16. Bf4 b5
17. b3 Ne5 18. Be3 c4 19. b4 Nd3 20. bxa5 Qxa5 21. Bd2 b4
22. Nb1 Qxa2 23. Bf1 Nxc1 24. Rxc1 c3 25. Be3 c2 26. Qxa6 Qxb1
27. Bd3 b3 28. Qb5 b2 29. Bxc2 bxc1=Q+ 30. Bxc1 Qxb5 0-1

[Event "FIDE Online Olympiad"]
[Site "Chess.com"]
[Date "2020.07.31"]
[EventDate "2020.07.31"]
[Round "1"]
[Result "0-1"]
[White "Annelaine Jacobs"]
[Black "Nickaylah Curwin"]
[WhiteElo "1612"]
[BlackElo "1422"]
[PlyCount "74"]

1. e4 e6 2. d4 d5 3. exd5 exd5 4. Bd3 Bd6 5. Nf3 Ne7 6. O-O f6
7. h3 O-O 8. c3 Nbc6 9. Qc2 g6 10. Bh6 Re8 11. Nbd2 Rb8
12. Nh4 Kf7 13. Ndf3 Be6 14. Rfe1 Qc8 15. g4 Qd7 16. Be3 f5
17. Ng5+ Kg8 18. Nxe6 Qxe6 19. Bg5 Qf7 20. gxf5 Nxf5 21. Bxf5
gxf5 22. Nxf5 Qg6 23. Nh6+ Kg7 24. Qxg6+ Kxg6 25. Bd2 Ne7
26. Re6+ Kg7 27. Kh1 Ng6 28. Nf5+ Kf7 29. Rxe8 Rxe8 30. Re1
Rxe1+ 31. Bxe1 Bf4 32. Ng3 c6 33. Ne2 Bd6 34. Bd2 Nh4 35. Be3
Nf3 36. Ng1 Nh4 37. Ne2 Nf5 0-1

[Event "FIDE Online Olympiad"]
[Site "Chess.com"]
[Date "2020.07.31"]
[EventDate "2020.07.31"]
[Round "1"]
[Result "0-1"]
[White "Thamara Sagastegui"]
[Black "Rachel Miller"]
[WhiteElo "1212"]
[BlackElo "2004"]
[PlyCount "84"]

1. e4 e5 2. Nf3 Nc6 3. Nc3 Nf6 4. d3 h6 5. h3 Bc5 6. Be3 b6
7. Be2 d6 8. a3 a5 9. d4 exd4 10. Bxd4 Nxd4 11. Nxd4 Bd7
12. Bb5 O-O 13. Bxd7 Qxd7 14. O-O Rfe8 15. Re1 a4 16. Qd2 Kh7
17. Qd3 g6 18. Rad1 c6 19. Qf3 Nh5 20. g4 Ng7 21. Nce2 Re5
22. Nf4 Rae8 23. c3 Qc7 24. Nd3 R5e7 25. Nxc5 dxc5 26. Nc2 Ne6
27. Qe3 Ng5 28. Qg3 Qxg3+ 29. fxg3 Nxe4 30. Kg2 Kg7 31. Re2
Nxc3 32. Rxe7 Rxe7 33. bxc3 Re2+ 34. Kf1 Rxc2 35. Rd6 Rxc3
36. Rxc6 Rxg3 37. Rxb6 Rxh3 38. Rc6 Rxa3 39. Rxc5 Ra1+ 40. Ke2
a3 41. Ra5 a2 42. Kd2 Rh1 0-1

[Event "FIDE Online Olympiad"]
[Site "Chess.com"]
[Date "2020.07.31"]
[EventDate "2020.07.31"]
[Round "1"]
[Result "0-1"]
[White "Serguei Gontcharov"]
[Black "Ansumana Kamara"]
[WhiteElo "1839"]
[BlackElo "1896"]
[PlyCount "58"]

1. e4 e5 2. Nf3 Nc6 3. d4 exd4 4. Nxd4 d6 5. Nc3 Nf6 6. Nxc6
bxc6 7. Qe2 Be7 8. b3 O-O 9. Bb2 Bd7 10. O-O-O c5 11. Kb1 a5
12. f3 a4 13. e5 Ne8 14. Nd5 axb3 15. axb3 Be6 16. Nxe7+ Qxe7
17. g4 d5 18. f4 g6 19. f5 gxf5 20. gxf5 Bxf5 21. Rg1+ Bg6
22. Rxd5 c6 23. Rd2 Ng7 24. Bh3 Rfb8 25. Bg2 Rxb3 26. Be4 Qxe5
27. cxb3 Bxe4+ 28. Kc1 Ra1+ 29. Bxa1 Qxa1# 0-1

[Event "FIDE Online Olympiad"]
[Site "Chess.com"]
[Date "2020.07.31"]
[EventDate "2020.07.31"]
[Round "1"]
[Result "0-1"]
[White "Alexander Gentil Costa"]
[Black "Alan-Safar Ramoutar"]
[WhiteElo "1804"]
[BlackElo "1611"]
[PlyCount "50"]

1. c4 g6 2. g3 Bg7 3. Bg2 e5 4. d3 d6 5. Nc3 f5 6. e3 Nf6
7. Nge2 O-O 8. O-O c6 9. a3 Be6 10. b3 d5 11. Bb2 Nbd7 12. f4
Ng4 13. Qc1 Nc5 14. Rd1 Nxb3 15. Qc2 Nxa1 16. Bxa1 Nxe3
17. Qc1 Nxd1 18. Qxd1 dxc4 19. dxc4 Qxd1+ 20. Nxd1 Bxc4
21. Kf2 exf4 22. Bxg7 fxg3+ 23. hxg3 Kxg7 24. Nf4 Rfe8 25. Ne3
Bf7 0-1

[Event "FIDE Online Olympiad"]
[Site "Chess.com"]
[Date "2020.07.31"]
[EventDate "2020.07.31"]
[Round "1"]
[Result "0-1"]
[White "Taffin Khan"]
[Black "Nahun Gavarrete"]
[WhiteElo "1989"]
[BlackElo "2238"]
[PlyCount "94"]

1. d4 Nf6 2. Nf3 g6 3. e3 Bg7 4. Bd3 O-O 5. O-O d6 6. e4 Nc6
7. c3 e5 8. dxe5 dxe5 9. Qe2 h6 10. Nbd2 Nh5 11. Nb3 a5 12. a4
Qe7 13. Be3 Nf4 14. Bxf4 exf4 15. Nbd4 Bd7 16. Rfe1 Rad8
17. Nxc6 Bxc6 18. Bb5 Qc5 19. Bxc6 Qxc6 20. Qc2 Rfe8 21. Re2
Re6 22. e5 Qc5 23. Qe4 g5 24. Qxb7 Bxe5 25. Qb5 Rd5 26. Qxc5
Rxc5 27. Rae1 f6 28. Kf1 g4 29. Nxe5 fxe5 30. Re4 Kf7 31. g3
fxg3 32. hxg3 h5 33. Kg2 Kf6 34. f3 gxf3+ 35. Kxf3 Rb6 36. b4
Rxc3+ 37. Kg2 axb4 38. Rxe5 b3 39. Rxh5 b2 40. Rh6+ Kf5
41. Rxb6 cxb6 42. Rb1 Rb3 43. Kf2 Ke4 44. g4 Kd3 45. g5 Kc2
46. Rg1 b1=Q 47. Rxb1 Rxb1 0-1

[Event "FIDE Online Olympiad"]
[Site "Chess.com"]
[Date "2020.07.31"]
[EventDate "2020.07.31"]
[Round "1"]
[Result "0-1"]
[White "Maria Varona-Thomas"]
[Black "Any Figueroa"]
[WhiteElo "1733"]
[BlackElo "1713"]
[PlyCount "78"]

1. d4 Nf6 2. Bf4 g6 3. e3 Bg7 4. Nd2 O-O 5. Ngf3 d6 6. Be2 Nc6
7. c3 Re8 8. h3 e5 9. dxe5 dxe5 10. Bh2 Bf5 11. Nb3 Qxd1+
12. Rxd1 Bc2 13. Rd2 Bxb3 14. axb3 e4 15. Nd4 Nxd4 16. cxd4 c6
17. O-O Rad8 18. Rc2 Nd5 19. Ra1 a6 20. Ra4 Bf8 21. Kf1 Bb4
22. Ra1 Bd6 23. Bxd6 Rxd6 24. Ra4 Kg7 25. Rac4 f5 26. g3 Rf8
27. Kg2 g5 28. Rc5 f4 29. gxf4 gxf4 30. Bf1 fxe3 31. Rxd5 Rxd5
32. f3 Rg5+ 33. Kh2 exf3 34. h4 Rd5 35. Kh3 e2 36. Bxe2 fxe2
37. Rxe2 Rf3+ 38. Kg4 Rf7 39. Re4 Rfd7 0-1